00877nam a2200265 i 4500001000300000100003800003245012800041260005600169300002800225504003400253650002200287650002900309655003000338015001700368020001500385040000800400041000800408044000800416080001200424080001100436080001300447080001200460008004100472856009800513bg1 aKaczmarczyk, Stanisławd(1945- )10aZastosowania badań marketingowych :bzarządzanie marketingowe i otoczenie przedsiębiorstwa /cStanisław Kaczmarczyk. aWarszawa :bPolskie Wydawnictwo Ekonomiczne,c2007. a379 s. :bil. ;c24 cm. aBibliogr. s. 360-366. Indeks. 9aMarketingxmetody 9aOtoczenie firmyxbadanie aPodręczniki akademickie aPB 5229/2007 a8320816572 cBPK apol aPOL a339.138 a005.52 a658.1/.5 a(075.8)070105s2007 pl a |001 0 pol  uhttp://koha.tu.koszalin.pl/cgi-bin/koha/opac-detail.pl?biblionumber=55112yKatalog online BPK